Hacking exposed : (Record no. 51063)

MARC details
000 -LEADER
fixed length control field 02336nam a22004097a 4500
005 - DATE AND TIME OF LATEST TRANSACTION
control field 20110315124249.0
008 - FIXED-LENGTH DATA ELEMENTS--GENERAL INFORMATION
fixed length control field 110315t xxu||||| |||| 00| 0 eng d
010 ## - LCCN (DPL NO)
LC control number ENG-102130 B-445271-275
020 ## - INTERNATIONAL STANDARD BOOK NUMBER
International Standard Book Number 9780071074407
Terms of availability 550.00
020 ## - INTERNATIONAL STANDARD BOOK NUMBER
International Standard Book Number 0071074406
Terms of availability 550.00
035 ## - SYSTEM CONTROL NUMBER
System control number EN-85663 B-445271-275
037 ## - SOURCE OF ACQUISITION
Source of stock number/acquisition DBAD/PUB
040 ## - CATALOGING SOURCE
Original cataloging agency dpl
Language of cataloging Eng
050 00 - LIBRARY OF CONGRESS CALL NUMBER
DPL Classification number TK5105.59
082 00 - DEWEY DECIMAL CLASSIFICATION NUMBER
Classification number 005.8
Edition number 22
100 1# - MAIN ENTRY--PERSONAL NAME
Personal name Scambray, Joel
9 (RLIN) 26592
245 10 - TITLE STATEMENT
Title Hacking exposed :
Remainder of title web applications : web application security secrets and solutions /
Statement of responsibility, etc by Joel Scambray, Vincent Liu [and] Caleb Sima
250 ## - EDITION STATEMENT
Edition statement 3rd ed
260 ## - PUBLICATION, DISTRIBUTION, ETC. (IMPRINT)
Place of publication, distribution, etc New Delhi
Name of publisher, distributor, etc Tata McGraw-Hill
Date of publication, distribution, etc 2011
270 ## - ADDRESS
Address 7, West Patel Nagar
City New Delhi
Postal code 110008
300 ## - PHYSICAL DESCRIPTION
Extent xxvi,451p.
Other physical details 24cm (pbk)
500 ## - GENERAL NOTE
General note Includes bibliographical references and index.
650 #0 - SUBJECT ADDED ENTRY--TOPICAL TERM
Topical term or geographic name as entry element Computer networks
General subdivision Security measures.
9 (RLIN) 26593
650 #0 - SUBJECT ADDED ENTRY--TOPICAL TERM
Topical term or geographic name as entry element Web sites
General subdivision Security measures.
9 (RLIN) 26594
650 #0 - SUBJECT ADDED ENTRY--TOPICAL TERM
Topical term or geographic name as entry element Computer security.
9 (RLIN) 26595
700 1# - ADDED ENTRY--PERSONAL NAME
Personal name Liu, Vincent.
9 (RLIN) 26596
700 1# - ADDED ENTRY--PERSONAL NAME
Personal name Sima, Caleb.
9 (RLIN) 26597
942 ## - ADDED ENTRY ELEMENTS (KOHA)
Source of classification or shelving scheme Dewey Decimal Classification
Item type English Books
Classification part 005.8
Call number suffix SCA
Holdings
Withdrawn status Lost status Source of classification or shelving scheme Damaged status Not for loan Collection code Home library Current library Date acquired Source of acquisition Cost, normal purchase price Total Checkouts Full call number Barcode Date last seen Copy number Cost, replacement price Koha item type
    Dewey Decimal Classification     Non-fiction Central Library Central Library 16/03/2012 Allied1110/22.09.11/04/15.09.11/09.11.11 550.00   005.8 SCA B-445271 16/03/2012 1 550.00 English Books
    Dewey Decimal Classification   Not For Loan Non-fiction D.B.Act.Division D.B.Act.Division 15/03/2011 DBAD/PUB 550.00   005.8 SCA EN-85663 15/03/2011 1 550.00 English Books
  Written-off vide DLB M. No. 383 dt 16.05.19 Dewey Decimal Classification     Non-fiction Karol Bagh Karol Bagh 16/03/2012 Allied1110/22.09.11/04/15.09.11/09.11.11 550.00   005.8 SCA B-445274 16/03/2012 1 550.00 English Books
  Written-off vide DLB M. No. 383 dt 16.05.19 Dewey Decimal Classification     Non-fiction Patel Nagar Patel Nagar 16/03/2012 Allied1110/22.09.11/04/15.09.11/09.11.11 550.00   005.8 SCA B-445272 16/03/2012 1 550.00 English Books
Binding   Dewey Decimal Classification     Non-fiction Sarojini Nagar Sarojini Nagar 16/03/2012 Allied1110/22.09.11/04/15.09.11/09.11.11 550.00 1 005.8 SCA B-445273 31/08/2018 1 550.00 English Books
    Dewey Decimal Classification     Non-fiction Shahdara Branch Shahdara Branch 16/03/2012 Allied1110/22.09.11/04/15.09.11/09.11.11 550.00   005.8 SCA B-445275 16/03/2012 1 550.00 English Books

© Delhi Public Library
Hit Counter
free hit counter